| 000 | 00405nam a2200169Ia 4500 | ||
|---|---|---|---|
| 008 | 131103s9999 xx 000 0 und d | ||
| 040 | _aLoreto College | ||
| 041 | _aEnglish | ||
| 082 |
_aRE3 _bLCBED/3235 |
||
| 100 | _aBrinton, Henry | ||
| 245 |
_aSound _cHenry Brinton |
||
| 260 |
_aNew York _bGolden _c1966 |
||
| 300 |
_a46p. _b pic. _c 22cm. |
||
| 650 | _aREF3 | ||
| 850 | _aLCBED/REF3 | ||
| 942 | _cBK | ||
| 999 |
_c33535 _d84014 |
||